| 000 | 00681nam a22001937a 4500 | ||
|---|---|---|---|
| 003 | OSt | ||
| 005 | 20130621132523.0 | ||
| 008 | 130621s2006 sp ||||| |||| 00| 0 cat d | ||
| 020 | _a8493203769 | ||
| 040 | _cCDMR | ||
| 110 | 2 |
_93868 _aArxiu Històric de Sabadell |
|
| 245 | 1 | 0 |
_aInventari de l'hemeroteca local _b: publicacions periòdiques sabadallenques (1854-2004) _cGisela Figuereas i Cifuentes ; próleg, Maria del Tura Molas i Alberich |
| 260 |
_aSabadell _bArxiu Històric de Sabadell _c2006 |
||
| 300 | _a351 p. | ||
| 490 | 0 |
_aEines de l'Arxiu _v4 |
|
| 650 | 0 | 4 |
_93717 _aPremsa comarcal _zCatalunya _vCatàlegs |
| 700 | 1 |
_93867 _aFigueras i Cifuentes, Gisela |
|
| 942 |
_2udc _cMON |
||
| 999 |
_c6518 _d6518 |
||